On This Day: February 21st II Quiz Stats

 Plays Quiz Updated Feb 21, 2018

Score 0/7 Timer 03:00
0 Plays Today
Question Answer Wrong Answers
Former United States Attorney General John N. Mitchell and former White House aides H. R. Haldeman and John Ehrlichman are sentenced to prison for their role in the ______ scandal.
1975
Watergate
95.9%
Veterans Health
1%
Payola
0.7%
House Banking
0.7%
This American actor, best known for his two-decade-long portrayal of psychiatrist Dr. Frasier Crane on the NBC sitcoms ‘Cheers’ and ‘Frasier’, is born.
1955
Kelsey Grammer
89.9%
Ted Danson
3.8%
Woody Harrelson
2.3%
Tom Selleck
2.6%
This family-owned and operated American business venture that sanctions and governs multiple auto-racing sports events is founded.
1948
NASCAR
86.6%
INDYCAR
5.2%
Formula One
4.6%
Grand Prix
2.4%
The last Israeli soldiers leave the west bank of the Suez Canal pursuant to a truce with ______.
1974
Egypt
77.8%
Iran
3.7%
Ethiopia
0.9%
Jordan
15.9%
The League of Nations bans foreign national ‘volunteers’ from participating in this war.
1937
Spanish Civil War
77.1%
Peninsular War
4.4%
Russian Civil War
12.3%
Winter War
5.2%
This American magazine, known for its illustrated and often topical covers, its commentaries on popular culture, and its inclusion of short stories and literary reviews, is published for the first time.
1925
The New Yorker
61.2%
Reader's Digest
29.4%
Esquire
3.5%
The Atlantic
5.2%
John Greenough is granted the first US patent for the ______ machine.
1842
Sewing
49.6%
Washing
43.8%
Computing
3.3%
Flying
3.2%

You're not logged in!

Compare scores with friends on all Sporcle quizzes.
OR
Log In

You Might Also Like...

Show Comments

Extras

Top Quizzes Today


Score Distribution

Your Account Isn't Verified!

In order to create a playlist on Sporcle, you need to verify the email address you used during registration. Go to your Sporcle Settings to finish the process.

Report this User

Report this user for behavior that violates our Community Guidelines.

Details: